COMPUTATIONAL ACTUARIAL SCIENCE WITH R (Record no. 26647)

MARC details
000 -LEADER
fixed length control field 00352nam a2200133Ia 4500
008 - FIXED-LENGTH DATA ELEMENTS--GENERAL INFORMATION
fixed length control field 240624s9999 xx 000 0 und d
041 ## - LANGUAGE CODE
Language code of text/sound track or separate title eng
082 ## - DEWEY DECIMAL CLASSIFICATION NUMBER
Classification number 368.01 CHA
100 ## - MAIN ENTRY--PERSONAL NAME
Personal name CHARPENTIER ARTHUR
245 ## - TITLE STATEMENT
Title COMPUTATIONAL ACTUARIAL SCIENCE WITH R
260 ## - PUBLICATION, DISTRIBUTION, ETC.
Date of publication, distribution, etc. 2016
Place of publication, distribution, etc. London
Name of publisher, distributor, etc. CRC Press
300 ## - PHYSICAL DESCRIPTION
Extent xxxi, : 618 : p. : cm. ; 24
365 ## - TRADE PRICE
Currency code RS
Price amount 31
Holdings
Withdrawn status Lost status Damaged status Not for loan Home library Current library Shelving location Date acquired Source of acquisition Cost, normal purchase price Full call number Barcode Date last seen Copy number Price effective from Koha item type
        IMTN IMTN Rack 16-B 02/23/2016 RW 3500.00 368.01 CHA 26647 06/24/2024 1 06/24/2024 Books
Designed & Maintained by: LRC IMT Nagpur Contact: lrc@imtnag.ac.in© 2024. All Rights Reserved.